| 000 | 01043nam0a22002771 4500 | ||
|---|---|---|---|
| 001 | v19\rc\1935865 | ||
| 005 | 20260407005154.0 | ||
| 035 | _a(NLR Aleph) 005020225 | ||
| 090 |
_a6581143 _c6581143 |
||
| 100 | _a20080404d1912 u y0rusy50 ca | ||
| 101 | 0 | _arus | |
| 102 | _aRU | ||
| 105 | _ay z ||||| | ||
| 200 | 1 |
_aТаблицы по естественному движению населения в Смоленской губернии за 25 лет (1886-1910 гг.) _fСан. отд-ние Смол. губ. зем. управы |
|
| 210 |
_aСмоленск _cтипо-лит. Я.Н. Подземского _d1912 |
||
| 215 |
_a21 с. _d28 |
||
| 712 | 0 | 2 |
_aСмоленская губ. земская управа _bСанитарное отделение _3RU\NLR\AUTH\889996146 _9489312 |
| 801 | 0 |
_aRU _bNLR _gpsbo |
|
| 801 | 0 |
_aRU _bRuMoRGB _2psbo |
|
| 801 | 1 |
_aRU _bProSoft-M _2rusmarc |
|
| 852 |
_aNLR _bЗем _j38/35 |
||
| 899 |
_aRuMoRGB _jU 336/875 |
||
| 899 |
_aRuMoRGB _jU 445/685 |
||
| 899 | _aБАН | ||
| 942 | _cBOOK | ||
| 980 | _aNB | ||